000 00500cam a2200193ua 4500
001 7096
008 141125n ii |||gr||||Z||||||eng
020 _a8122414729
040 _cMAIN
041 _aeng
082 _a338
100 _aSomashekar, Ne. Thi.,
_eAuthor.
245 1 _aDevelopment and environmental economics
_cBy Ne. Thi. Somashekar
250 _a1st.
260 _aNew Delhi:
_bNew age international,
_c2003.
300 _axvi,702p.
653 _aEnvironmental economics
942 _cBK
999 _c6223
_d6223